| 000 | 00980na a2200277 4500 | ||
|---|---|---|---|
| 001 | 16326 | ||
| 003 | MIRAKIL | ||
| 005 | 20181213155225.0 | ||
| 008 | 161003b tu 000 0 | ||
| 035 | _a16326 | ||
| 040 |
_aMilas _btur _cTR-AnCHP |
||
| 041 | _atur | ||
| 082 |
_a330.95642227021 _bO75 2000 |
||
| 090 | _a330.95642227021 O75 2000 | ||
| 245 |
_aOsmaniye ili raporu _cİsmail Bircan...[ve öte.] |
||
| 260 |
_aAnkara _bDevlet Planlama Teşkilatı (DPT) _c2000 |
||
| 300 |
_a94 s. _btbl. _c27 sm. |
||
| 490 |
_aDevlet Planlama Teşkilatı (DPT) _v2498 |
||
| 500 | _aKitapların sırt etiketinde bulunan cilt numaraları o ilin plaka kodunu göstermektedir. | ||
| 650 |
_aSosyo ekonomik göstergeler _yİstatistikler _zOsmaniye |
||
| 650 |
_aSosyo ekonomik göstergeler _xİller _yİstatistikler _zTürkiye |
||
| 651 |
_aOsmaniye _xEkonomik durum _yİstatistikler |
||
| 651 |
_aOsmaniye _xSosyal durum _yİstatistikler |
||
| 700 | _aBircan, İsmail | ||
| 942 |
_2ddc _cBKS |
||
| 999 |
_c8806 _d8806 |
||